Statistics for Luxury Fashion Quiz

Click here to take the quiz!

General Stats

  • This quiz has been taken 1,586 times
  • The average score is 7 of 20

Answer Stats

HintAnswer% Correct
3#2 is the Creative Director of this French Fashion BrandChanel
78%
1This Brand is the Most Valuable Luxury Brand According to ForbesLouis Vuitton
74%
5This Brand Makes the Famous Birkin BagsHérmes
71%
7#6 is also the Creative Director of this Milan Fashion BrandPrada
59%
2This German Fashion Designer is Well Known for his Trademark White Hair, Black Glasses, and High Collars.Karl Lagerfeld
57%
6This Woman is the Head of Miu MiuMiuccia Prada
52%
17This French Haute Couture Designer is Most Famous for His "New Look" ClothesChristian Dior
51%
16This Shoe Brand Is Most Famous for Their Red SolesChristian Louboutin
45%
4#2 is also the Creative Director of this Italian Fashion BrandFendi
36%
11This Brand Replaced #10 with Alexander Wang in 2012 as Creative DirectorBalenciaga
35%
8This Italian Fashion Brand Uses Other Brands For Inspiration, Including Barbie, McDonalds, Windex, Coca Cola, Etc.......Moschino
29%
14This British Born Designer is Famous for his "Savage Beauty" Collection, As Well As His Infamous Armadillo HeelsAlexander McQueen
27%
18This Luxury Shoe Brand, Named After the Founder and Designer, Was Founded in 1996 in LondonJimmy Choo
24%
19This Shoe Designer Is the Son of a Banana Plantation Owning Family. His Shoes are on the List of the Most Mentioned Brands In Sex and the CityManolo Blahnik
15%
15#14 was the Creative Director for This Brand From 1996-2001Givenchy
12%
13This Designer was the Creative Director for #1 before #10, He is Also the Creative Director for Diet CokeMarc Jacobs
12%
9This Designer is the Creative Director for #8Jeremy Scott
11%
20This British Fashion Designer Once Drove a Tank to Prime Minister David Cameron's House to Protest Oil FrackingVivienne Westwood
9%
10This Designer is the Creative Director for #1Nicolas Ghesquière
5%
12These High Top Sneakers from #11 are Very Popular and are Often Seen on Rapper Kanye WestBalenciaga Arena High-Tops
1%

Score Distribution

Percentile by Number Answered

Percent of People with Each Score

Your Score History

You have not taken this quiz